000 00865nam a2200241 a 4500
001 BRCA_6803
005 20190320205611.0
008 031111m18851920gw-#######---#000-0#eng-#
041 _aeng
044 _agw
050 4 _aPZ3
_b.B75 20 1885
100 1 _aTwain, Mark
_d1835-1910
_q(Samuel L. Clemens)
_914927
245 1 0 _aThe adventures of Huckleberry Finn
_b(Tom Sawyer´s comrade)
_cby Mark Twain.
260 _aLeipzig, Alemania
_bBernard Tauchnitz
_c1885, reimp. 1920
300 _a2 v.
_c16 cm.
440 0 _aCollection of British authors. Tauchnitz edition
_vv. 2307-08
_916969
500 _aVer también CEF6, H144, L2, L15, L16, L17, L18, L19, L20, L22, L23, L24, L25, L26, L27, L32, L166, N9, N11, N12 y N13
500 _aN17
650 1 4 _aLitearatura estadounidense
_916970
650 1 4 _aLitearatura inglesa
_916971
902 _aGFM
942 _2lcc
_cB
999 _c6486
_d6486